000 01013nam a22003017a 4500
999 _c39898
_d39898
001 10321
003 CO-MdFUSB
005 20190202100314.0
008 171004t1999 spa||||| |||| 00| 0 sp d
020 _a84-751-881-3
040 _aCO-MdFUSB
_bspa
_cCO-MdFUSB
_dCO-MdFUSBC
_erda
041 _aspa
082 0 4 _aG 224.507 G825i
100 1 _aGrelot, Pierre
_eautor
245 3 _aEl libro de Daniel
_c/ Pierre Grelot ; traducido por Nicolás Darrícal
_b:
250 _a3
264 4 _aEstella, Navarra :
_b Verbo Divino,
_c©1999
300 _a62 p.
_b:
_c;
336 _2rdacontent
_atexto
_btxt
337 _2rdamedia
_asin mediación
_bn
338 _2rdacarrier
_avolumen
_bnc
500 _aTítulo original: Le livre de Daniel
505 0 0 _aEstructura y origen del libro -- Propuestas para la lectura -- El libro de Daniel en el judaísmo -- La lectura cristiana de Daniel
650 0 _aBiblia
_916
653 _aBiblia A.T. - Daniel - Comentarios
653 _aBiblia - Comentarios
942 _cBK